| 000 | 01201 a2200217 4500 | ||
|---|---|---|---|
| 020 | _a0072817321 | ||
| 020 | _a9780072817324 | ||
| 082 | 0 | 4 | _a332 |
| 090 |
_c2928 _d2928 |
||
| 100 | 1 | _aHirt, Geoffrey A. | |
| 245 | 1 | 0 |
_aFundamentals of investment management + stock investor pro cd + powerweb / _cGeoffrey A. Hirt. |
| 250 | _a7th ed. | ||
| 260 |
_a[S.l.] : _bMcGraw-Hill/Irwin, _c2002. |
||
| 300 |
_a768 p. ; _c27 cm. |
||
| 500 | _aHardcover. | ||
| 520 | _aFundamentals of Investment Management 7/e by Hirt and Block establishes the appropriate theoretical base of investments, while at the same time applying this theory to real-world examples. The textbook provides students with a survey of the important areas of investments: valuation, the marketplace, fixed income instruments and markets, equity instruments and markets, derivative instruments, and a cross-section of special topics, such as international markets and mutual funds. | ||
| 700 | 1 | _aBlock, Stanley B. | |
| 856 | 4 | 0 |
_3Amazon.com _uhttp://www.amazon.com/exec/obidos/ASIN/0072817321/chopaconline-20 |
| 856 | 4 | 0 |
_3Amazon customer reviews _uhttp://www.chopac.org/cgi-bin/tools/azrev.pl?q=0072817321 |
| 942 |
_aNBS _cBK _k332.6 HIR |
||
| 999 |
_c345418 _d345418 |
||